00443 a2200133 4500001001000000005001700010008004100027245007700068100002100145700003300166700002200199773007100221999001700292ART_4971320260410161829.0260409a 10aCommodities prices and critical parameters for macroeconomic performance1 aChisari, Omar O.1 aMastronardi, Leonardo Javier1 aRomero, Carlos A.0 tEstudios Económicosg- Vol. 36, Nº 72 (ene./jun. 2019)wREV5080 c23072d23072